000 00365nam a2200157Ia 4500
008 230524s9999 xx 000 0 und d
082 _a401.6
_bDRU
100 _aR.G.Dromey
245 0 _aHow to Slove It By Computer
250 _a1ST
260 _aNEW DELHI
_bPHI
_c1998
300 _aXX;442
500 _aQuantity Number: 5
650 _aComp-Sc
942 _cBK
999 _c14177
_d14177